No skin off my ass /

Gespeichert in:
Bibliographische Detailangaben
Weitere Verfasser: Bruker, Klaus von, LaBruce, Bruce
Format: Dia
Sprache:Englisch
Veröffentlicht: [S.l.] : Pride video, c1992
Schriftenreihe:Out on a limb
Tags: Tag hinzufügen
Keine Tags, Fügen Sie das erste Tag hinzu!

MARC

LEADER 00000ngm a22000007i 4500
001 IT\ICCU\UBO\3395831
003 ItRI
005 20260124182812.0
008 080318s1992 un |||||||||||||||k|||||c
028 4 2 |a PRI11004 
040 |b ita 
041 7 |a eng  |2 ISO-639-2 
130 0 |a No skin off my ass <film ; 1991>  |3 IT\ICCU\UBO\3395867 
245 0 0 |a No skin off my ass /  |c director Bruce Labruce. 
260 |a [S.l.] :  |b Pride video,  |c c1992 
300 |a 1 videocassetta (VHS) (ca 70 min.) :  |b b/n, son 
500 |a Tit. del contenitore 
500 |a Interpreti: Bruce Labruce, Klaus von Bruker ... [et al.] 
500 |a Film del 1991, prod. Canada 
500 |a Vietato ai minori di 18 anni. 
700 1 |a Bruker, Klaus von  |0 IT\ICCU\UBOV\228426 
700 1 |a LaBruce, Bruce  |0 IT\ICCU\UBOV\757089 
830 0 |a Out on a limb  |0 IT\ICCU\UBO\3395874 
942 |2 ddc  |c VM  |n 0 
952 |0 0  |1 0  |4 0  |6 VO_279_000000000000000  |7 0  |9 26533  |a BO  |b BO  |d 2026-01-24  |i 6878  |l 0  |o VO 279  |p BO6878  |r 2026-01-24 18:28:12  |w 2026-01-24  |x [Sebina 5] [1 videocassetta]  |y VM  |z 1 videocassetta 
999 |c 22436  |d 22436